000 00278nam a22001217a 4500
008 180307b xxu||||| |||| 00| 0 eng d
041 _aeng
080 _a574
100 _a9
101 _aMJE
245 _aIntroduction to agricultural engineering
_cColly,H,F
942 _2udc
_cBK
999 _c44239
_d44239